书目信息 |
| 题名: |
刑法中的医事注意义务研究
|
|
| 作者: | 饶璟 著 | |
| 分册: | ||
| 出版信息: | 北京 光明日报出版社 2016 |
|
| 页数: | 186页 | |
| 开本: | 23cm | |
| 丛书名: | ||
| 单 册: | ||
| 中图分类: | D924.393.4 | |
| 科图分类: | ||
| 主题词: | 医疗事故--yi liao shi gu--刑事犯罪--刑法--研究--中国 | |
| 电子资源: | ||
| ISBN: | 978-7-5194-1603-4 | |
| 000 | 00951nam0 22002411 450 | |
| 001 | 1730337580 | |
| 005 | 20170525101541.0 | |
| 010 | @a978-7-5194-1603-4@dCNY40.00 | |
| 100 | @a20161122d2016 em y0chiy50 ea | |
| 101 | 0 | @achi |
| 102 | @aCN@b110000 | |
| 105 | @ay z 000yy | |
| 106 | @ar | |
| 200 | 1 | @a刑法中的医事注意义务研究@Axing fa zhong de yi shi zhu yi yi wu yan jiu@f饶璟著 |
| 210 | @a北京@c光明日报出版社@d2016 | |
| 215 | @a186页@d23cm | |
| 300 | @a中央高校基本科研业务费专项资金资助 | |
| 330 | @a本书将注意义务这一过失犯罪中的经典问题置于医事犯罪的语境下进行研究,通过剖析与医事注意义务相关联的案例,力图完善注意义务的各项指标与医学上的临床经验有机结合,认为刑法中的医事注意义务应当界定为符合医疗水准的诊疗义务。 | |
| 606 | 0 | @a医疗事故@Ayi liao shi gu@x刑事犯罪@x刑法@x研究@y中国 |
| 690 | @aD924.393.4@v5 | |
| 701 | 0 | @a饶璟@Arao jing@f(1985~)@4著 |
| 801 | 0 | @aCN@bTANG WEI@c20170524 |
| 905 | @b0969728-32@dD924.393.4@e727@f5 | |
| 刑法中的医事注意义务研究/饶璟著 .-北京:光明日报出版社,2016 |
| 186页;23cm |
| 中央高校基本科研业务费专项资金资助 |
| ISBN 978-7-5194-1603-4:CNY40.00 |
| 本书将注意义务这一过失犯罪中的经典问题置于医事犯罪的语境下进行研究,通过剖析与医事注意义务相关联的案例,力图完善注意义务的各项指标与医学上的临床经验有机结合,认为刑法中的医事注意义务应当界定为符合医疗水准的诊疗义务。 |
| ● |
| 相关链接 |
|
|
|
|
正题名:刑法中的医事注意义务研究
索取号:D924.393.4/727
 
预约/预借
| 序号 | 登录号 | 条形码 | 馆藏地/架位号 | 状态 | 备注 |
| 1 | 0969728 | 209697283 | 第一样本阅览室/ [索取号:D924.393.4/727] | 在馆 | |
| 2 | 0969729 | 209697292 | 第一借阅区/ [索取号:D924.393.4/727] | 在馆 | |
| 3 | 0969730 | 209697309 | 第一借阅区/ [索取号:D924.393.4/727] | 在馆 | |
| 4 | 0969731 | 209697318 | 第一借阅区/ [索取号:D924.393.4/727] | 在馆 | |
| 5 | 0969732 | 209697327 | 第一借阅区/ [索取号:D924.393.4/727] | 在馆 |